| 000 | 01020nam a22002897a 4500 | ||
|---|---|---|---|
| 003 | CHAP | ||
| 005 | 20220329141655.0 | ||
| 008 | 971013s r 00010 d | ||
| 010 | _a72004 | ||
| 011 | _a72976 | ||
| 035 | _a82533 | ||
| 040 | _cCHAP | ||
| 082 |
_a631.7 _bB35 |
||
| 110 |
_aBanco Nacional de Crédito Agrícola, S. A. México _99874 |
||
| 245 | _aInforme general de la administración del Disrito de Riego No. 12 y Agencia delBanco en Tijuana, B.C., durante el ejercicio social de 1939 | ||
| 260 |
_aMéxico, D.F. : _bEl Banco, _c[s.a] |
||
| 300 | _a68 h. | ||
| 590 |
_aBATCH-UPD _b10 _c20130110 _lUCH01 _h0737 |
||
| 590 |
_aBATCH-UPD _b10 _c20130410 _lUCH01 _h0420 |
||
| 590 |
_aBATCH-UPD _b10 _c20130914 _lUCH01 _h1209 |
||
| 590 |
_aCONVERSION _b10 _c20130109 _lUCH01 _h1339 |
||
| 650 | 1 | 4 |
_aDistritos de riego _xBaja California Sur. _932968 |
| 650 | 1 | 4 |
_aIrrigación _xBaja California. _960376 |
| 901 | _aBK | ||
| 942 | _cLIBRO | ||
| 949 |
_a631.7 B35 _bBC _cLIBRO _d33724000165627 _eLIBRO _h35580 _i82533 _mD _si |
||
| 999 |
_c72004 _d72004 |
||